000 01270cam a2200361 a 4500
999 _c451
_d451
001 16434010
003 OSt
005 20190815090927.0
008 100826s2011 miua j b 001 0beng
010 _a 2010035231
020 _a9781420503500 (hbk.)
020 _a1420503502 (hbk.)
035 _a(OCoLC)ocn660802091
040 _aDLC
_cDLC
_dIG#
_dQBX
_dDLC
042 _alcac
_apcc
043 _an-us---
082 0 0 _a921 USC
_222
100 1 _aUschan, Michael V,
_d1948-
_eauthor
245 1 0 _aAlex Rodriguez /
_cby Michael V. Uschan.
260 _aDetroit :
_bLucent Books,
_cc2011.
300 _a104 p. :
_bcol. ill. ;
_c24 cm.
490 1 _aPeople in the news
504 _aIncludes bibliographical references (p. 89-94) and index.
520 _aBiography of baseball player Alex Rodfriguez.
600 1 0 _aRodriguez, Alex,
_d1975-
_vJuvenile literature.
600 1 1 _aRodriguez, Alex,
_d1975-
650 0 _aBaseball players
_zUnited States
_vBiography
_vJuvenile literature.
650 1 _aBaseball players
_zUnited States
_vBiography.
830 0 _aPeople in the news (San Diego, Calif.)
906 _a7
_bcbc
_corignew
_d1
_eecip
_f20
_gy-gencatlg
942 _2ddc
_cNFIC